Fußballer: Fünf Spieler, wo haben alle fünf gespielt? (Teil 4) - Statistiken

Allgemein
  • Dieses Quiz wurde 245 mal gespielt
  • Das Durchschnittsergebnis liegt bei 13 aus 20
Antwortstatistiken
Spieler 1 Spieler 2 Spieler 3 Spieler 4 Spieler 5 Verein % Korrekt
Robert Huth Shinji Okazaki Harry Maguire Christian Fuchs N'Golo Kanté Leicester City
93%
Felipe Anderson Pavel Nedved Miro Klose Goran Pandev Hernán Crespo Lazio Rom
89%
Andy Carroll Georginio Wijnaldum Alan Shearer Ppapiss Demba Cissé Kieran Trippier Newcastle United
75%
Marko Marin Milan Badelj Mohamed Salah Mario Gomez Joaquin AC Florenz
72%
Fernando Llorente Aymeric Laporte Javi Martinez Kepa Arrizabalaga Ander Herrera Athletic Bilbao
72%
Mark Schwarzer Clint Dempsey Bernd Leno Dimitar Berbatov Ryan Sessegnon FC Fulham
71%
Alexander Isak David Villa Antoine Griezmann Xabi Alonso Claudio Bravo Real Sociedad
68%
Thilo Kehrer Dimitri Payet Carlos Tevez Rio Ferdinand Marko Arnautovic West Ham United
68%
Eden Hazard Burak Yimlaz Gervinho Nicolas Pépé Victor Osimhen Lille OSC
67%
Lucas Höler Philipp Förster Dennis Diekmeier Manuel Riemann Lukas Kübler Sandhausen
64%
Dominick Drexler Fin Bartels László Bénes Marvin Ducksch Christopher Lenz Holstein Kiel
63%
Djibril Sow Denis Zakaria Kevin Mbabu Jordan Siebatcheu Seydou Doumbia Young Boys Bern
63%
Gianluigi Buffon Adriano Marcio Amoroso Lilian Thuram Hernán Crespo AC Parma
60%
Alejandro Gomez Franck Kessié Dejan Kulusevski Cristian Romero Remo Freuler Atalanta Bergamo
58%
Ermin Bičakčić Rafał Gikiewicz Karim Bellarabi Damir Vrančić Domi Kumbela Eintracht Braunschweig
58%
Marc Stendera Maximilian Beister Pascal Groß Christian Träsch Caiuby FC Ingolstadt
51%
Leon Balogun Aaron Ramsey Malik Tillman Joe Aribo Calvin Bassey Glasgow Rangers
47%
Robert Glatzel Florian Niederlechner Michael Thurk Robert Andrich Andreas Voglsammer Heidenheim
43%
Marvin Schwäbe Peniel Mlapa Ulf Kirsten Chris Löwe Filip Trojan Dynamo Dresden
42%
Diego Tristán Capdevila Roy Makaay Filipe Luís Jorge Andrade Deportivo LaCoruna
41%
Keine übereinstimmenden Quizze gefunden
Verteilung der Resultate
Anzahl Personen mit jedem Resultat
Perzentil nach korrekt beantworteten Fragen
Ihre Resultats-Entwicklung
Sie haben dieses Quiz noch nicht gespielt